000 00409nam a22001697a 4500
003 MPLRDC
005 20220104142851.0
008 210129b ||||| |||| 00| 0 eng d
082 _a177.2 CSZH v.8 c.2
100 _a黄柏松编译
245 _a扭转一生的五分钟
_c
260 _a
_b大展出版社
_c
300 _b
490 _a处世智慧;8
650 _a
942 _cBK
_o177.2 CSZH v.8 c.2
999 _c34370
_d34360